00716nam a2200241 a 4500001001300000003000900013005001700022008004100039020001000080082001700090100001800107245006200125260002700187300000800214500003500222505002200257650002500279700001800304902000800322942000700330952012000337999001700457nice12345678IN_TiNIC20260116015114.0050524s0000 mala grp 000 0 eng  ac10000a200.922bSEN aSeng, Kam Eng aBiography of Kam Eng Seng, the Narrator of God`d New Word aMalaysiabAuthorc0000 a27p aincludes index and biblioraphy2 aFeb, 25-27, 2000. aBiographies-Religion1 aSeng, Kam Eng bSRS cBK 001040708StackRoom-aHMIbHMId2007-03-19g100.00l0o200.922 SENp11000955r2007-03-19v100.00w2005-05-24yBK c18344d18344